Responses for show #4726 - Monday, March 7, 2005

2005 Ultimate Tournament of Champions Round 1, game 19.

Contestants

[<< previous game]

Barbara-Anne Eddy, a civil servant from Vancouver, Canada

Ryan Holznagel, a writer originally from Forest Grove, Oregon

John Kelly, a retired Air Force officer from Austin, Texas

[next game >>]

Jeopardy! Round responses

NOVEL PLACES
WHO'S HAD MORE NO. 1 HITS?
WORLD LEADERS: 1871
A SNAKE IN THE CATEGORY
"DE" ARTS
A NUMBER FROM 1 TO 10
(Alex: That should be easy.)
    $200 11
California

Ryan
    $200 26
Michael Jackson

Barbara-Anne
    $200 15
Ulysses Grant

Barbara-Anne
    $200 1
Idaho

Ryan
    $200 20
(Brian) De Palma

Ryan
    $200 6
(Barbara-Anne: What is 4?)

5

Barbara-Anne
Triple Stumper
    $400 25
Lady Chatterley's Lover

Ryan
    $400 27
Elton John

Ryan
    $400 16
(Barbara-Anne: Who is Benjamin Disraeli?)

(William) Gladstone

JohnBarbara-Anne
    $400 2
(Alex: Hence the [*] viper.)

the pit

John
    $400 21
art deco

Barbara-Anne
    $400 7
3

Ryan
    $1,000 12
(Ryan: What is Around the World in Eighty Days?)

Five Weeks in a Balloon

Ryan
    $600 28
(Ryan: Who is Bruce Springsteen?)
(Barbara-Anne: Who is Buffalo Springfield?)

Rick Springfield

JohnRyanBarbara-Anne
    $600 17
Belgium

Ryan
    $600 3
(Jim) Stafford

Ryan
    $600 22
Oscar de la Renta

Barbara-Anne
    $600 8
7

Ryan
    $800 13
(Leopold) Bloom

Ryan
    $800 29
(John: Who is Barbra Streisand?)

Mariah Carey

JohnBarbara-Anne
    $800 18
the Ottoman Empire

Barbara-Anne
    $800 4
its tail

John
    $800 23
Debussy

John
    $800 9
10

Barbara-Anne
    $1000 14
Middlesex

Triple Stumper
    $1000 30
Heart

Ryan
    $1000 19
Pius

Barbara-Anne
    $1000 5
the Chimera

Barbara-Anne
    $1000 24
Willem de Kooning

Barbara-Anne
    $1000 10
4

Barbara-Anne

Scores at the first commercial break (after clue 15):

John Ryan Barbara-Anne
$1,200 $1,800 $2,800

Scores at the end of the Jeopardy! Round:

John Ryan Barbara-Anne
$2,200 $3,800 $6,600

Double Jeopardy! Round responses

PARTICLE PHYSICS
LET'S VISIT PALAU!
JAMIE FOXX ROLES
(Alex: You have to give us the movie title.)
AFRICAN CUISINE
LATIN LEGAL TERMS
& ONE LAST "EZ" CATEGORY
    $400 7
quarks

Barbara-Anne
    $400 1
taro

Barbara-Anne
    $400 2
(Ryan: Who is Ray Charles?)
...
(Alex: You have to give us the movie title... not the subject.)

Ray

RyanBarbara-Anne
    $400 14
corn

Barbara-Anne
    $400 8
habeas corpus

Ryan
    $400 16
Ebenezer

Ryan
    $800 9
a cloud chamber

John
    $800 27
(John: What is the Sun?)

the Moon

JohnRyan
    $800 3
Ali

Ryan
    $800 15
South Africa

Ryan
    $800 10
modus operandi

Ryan
    $800 20
a mezuzah

Barbara-Anne
    $1200 17
the Fermilab

Ryan
    $1200 28
the coconut

John
    $1200 4
Any Given Sunday

Triple Stumper
    $1200 21
Portugal

Barbara-Anne
    $1200 11
caveat emptor

Barbara-Anne
    $5,600 24
(Barbara-Anne: What is on a trapeze?)

sneezing

Barbara-Anne
    $1600 18
quantum electrodynamics

Triple Stumper
    $1600 29
English

John
    $1600 5
Collateral

Ryan
    $1600 22
Ethiopia

Ryan
    $1600 12
persona non grata

Ryan
    $1600 25
Venezuela

Ryan
    $1,111 19
(Alex: Eleven-eleven? There is some significance there, but we don't have the time to pursue it.)
[Alex's original rejection of Ryan's response and the judges' overruling was edited out of the show.]

high energy physics (high energy particle accepted)

Ryan
    $2000 30
the Carolines

John
    $2000 6
Redemption

Triple Stumper
    $2000 23
couscous

Barbara-Anne
    $2000 13
in loco parentis

Barbara-Anne
    $2000 26
the frieze

Barbara-Anne

Scores at the end of the Double Jeopardy! Round:

John Ryan Barbara-Anne
$7,000 $16,111 $11,800

[wagering suggestions for these scores]

Final Jeopardy! Round responses

SPORTS PHRASE ORIGINS
(Alex: This is a toughie, but there is a lot of talk about it coming up soon. John, we start with you. What did you write down? Nothing.)
(John: Should have been [*].)
(Alex: You didn't write down anything, but you were thinking of [*].)
JohnWhat ?
$6,900
Barbara-AnneWhat is time or
$11,800
RyanWhat is play ball?
$7,887
March Madness

Final scores:

John Ryan Barbara-Anne
$100 $8,224 $0
2nd place: $5,000 Winner: $15,000 + an advance to UToC Round 2 3rd place: $5,000

Game dynamics:

Coryat scores:

John Ryan Barbara-Anne
$7,000 $18,000 $17,400
9 R,
2 W
23 R
(including 1 DD),
3 W
(including 1 DD)
21 R,
4 W
(including 1 DD)

Combined Coryat: $42,400

The J! Archive is created by fans, for fans. The Jeopardy! game show and all elements thereof, including but not limited to copyright and trademark thereto, are the property of Jeopardy Productions, Inc. and are protected under law. This website is not affiliated with, sponsored by, or operated by Jeopardy Productions, Inc. Join the discussion at JBoard.tv.